| 000 | 00000nas 2200000zi 4500 |
| 001 | 9.862834 |
| 003 | CaOODSP |
| 005 | 20250331173619 |
| 006 | m o d f |
| 007 | cr cn |||||||| |
| 008 | 181005d20172023oncar p o f0 0fre|d |
| 040 | |aCaOODSP|bfre|erda|cCaOODSP |
| 043 | |an-cn--- |
| 086 | 1 |aT33-34F-PDF |
| 110 | 2 |aCaisse d'indemnisation pour les accidents ferroviaires impliquant des marchandises désignées (Canada)|eauteur, |eorganisme de publication. |
| 245 | 10|aRapport annuel de l'Administrateur / |cCaisse d'indemnisation pour les accidents ferroviaires impliquant des marchandises désignées. |
| 264 | 1|aOttawa, Ontario, Canada : |bAdministrateur de la Caisse d'indemnisation pour les accidents ferroviaires impliquant des marchandises désignées, |c[2017-2023] |
| 310 | |aAnnuel |
| 336 | |atexte|btxt|2rdacontent/fre |
| 337 | |ainformatique|bc|2rdamedia/fre |
| 338 | |aressource en ligne|bcr|2rdacarrier/fre |
| 362 | 1 |aParaît depuis : 2016/2017; ne paraît plus après : 2022/2023. |
| 500 | |aPublié aussi en anglais sous le titre : The Administrator's annual report. |
| 500 | |a"Rapport annuel au ministre des Transports." |
| 588 | |aDescription d'après : 2016/2017; titre de la page de titre du fichier PDF. |
| 588 | |aDernière livraison consultée : 2022/2023. |
| 650 | 6|aResponsabilité pour accidents de chemins de fer|zCanada|vPériodiques. |
| 650 | 6|aDéversements de pétrole|zCanada|xRéclamations|vPériodiques. |
| 655 | 7|aPériodiques|2rvmgf |
| 710 | 1 |aCanada. |bTransports Canada. |
| 775 | 08|tThe Administrator's annual report / |w(CaOODSP)9.862830 |
| 785 | 00|tRapport annuel / |w(CaOODSP)9.945528 |